Система геометрической адаптации специализированного робота для сварки неповоротных стыков магистральных трубопроводов; Современные техника и технологии; Т. 1.

Dades bibliogràfiques
Parent link:Современные техника и технологии=Modern Technique and Technologies: IX Международная научно-практическая конференция студентов, аспирантов и молодых ученых, г. Томск, 7-11 апреля 2003 г./ Томский политехнический университет; отв. ред. А. С. Заворин.— , 2003-
Т. 1..— 2003.— С. 195-197
Autor principal: Неклюдов С. В.
Altres autors: Верёвкин А. В., Князьков С. А.
Idioma:rus
Publicat: 2003
Matèries:
Format: MixedMaterials Capítol de llibre
KOHA link:https://koha.lib.tpu.ru/cgi-bin/koha/opac-detail.pl?biblionumber=117767

MARC

LEADER 00000naa2a2200000 4500
001 117767
005 20231031123922.0
035 |a (RuTPU)RU\TPU\book\127473 
090 |a 117767 
100 |a 20070606d2003 k y0rusy50 ca 
101 0 |a rus 
102 |a RU 
200 1 |a Система геометрической адаптации специализированного робота для сварки неповоротных стыков магистральных трубопроводов  |f С. В. Неклюдов, А. В. Верёвкин, С. А. Князьков 
320 |a Библиогр.: 3 назв. 
461 1 |0 (RuTPU)RU\TPU\book\64647  |t Современные техника и технологии  |l Modern Technique and Technologies  |o IX Международная научно-практическая конференция студентов, аспирантов и молодых ученых, г. Томск, 7-11 апреля 2003 г.  |o труды: в 2 т.  |f Томский политехнический университет; отв. ред. А. С. Заворин  |d 2003- 
463 1 |0 (RuTPU)RU\TPU\book\64489  |y 5-98298-037-4  |t Т. 1.  |v С. 195-197  |d 2003  |p 321 с. 
610 1 |a сварка 
610 1 |a трубопроводы 
610 1 |a магистральные трубопроводы 
610 1 |a роботы 
610 1 |a специализированные роботы 
610 1 |a система геометрической адаптации 
610 1 |a геометрическая адаптация 
610 1 |a труды учёных ТПУ 
700 1 |a Неклюдов  |b С. В. 
701 1 |a Верёвкин  |b А. В. 
701 1 |a Князьков  |b С. А. 
801 1 |a RU  |b 63413507  |c 20070606  |g PSBO 
801 2 |a RU  |b 63413507  |c 20140605  |g RCR 
942 |c BK